Devine le Joueur de foot en 3 clubs #1 - Statistiques

Statistiques générales
  • Ce quiz a été pris 625 fois
  • Le résultat moyen est 8 sur 10
Statistiques - réponses
Hint Réponse % Correct
FC Barcelone, PSG, Inter Miami Lionel Messi
99%
Manchester United, Real Madrid, Juventus Cristiano Ronaldo
96%
Santos, FC Barcelone, PSG Neymar Jr.
94%
Lyon, Real Madrid, Al-Ittihad Karim Benzema
92%
Monaco, PSG, Real Madrid Killian Mbappé
91%
Borussia Dortmund, Bayern Munich, FC Barcelone Robert Lewandowski
81%
Ajax, Milan AC, PSG Zlatan Ibrahimović
79%
Arsenal, FC Barcelone, Monaco Thierry Henry
70%
Manchester United, Real Madrid, LA Galaxy David Beckham
68%
PSG, FC Barcelone, AC Milan Ronaldinho
56%
Aucun quiz correspondant
Distribution des résultats
% des personnes avec chaque résultat
Percentile par nombre de réponses
Votre historique - résultats
Vous n’avez pas pris ce quiz